عرض عادي
عرض مارك
- الحمدي، مهند طالب
دخول Personal Name
001 - CONTROL NUMBER
- control field: 29492
003 - CONTROL NUMBER IDENTIFIER
- control field: AE-AdECS
005 - DATE AND TIME OF LATEST TRANSACTION
- control field: 20260501103237.0
008 - FIXED-LENGTH DATA ELEMENTS
- fixed length control field: 260501|| aca||aabn | a|a d
040 ## - CATALOGING SOURCE
- Original cataloging agency: AE-AdECS
- Transcribing agency: AE-AdECS
100 ## - HEADING--PERSONAL NAME
- Personal name: الحمدي، مهند طالب
670 ## - SOURCE DATA FOUND
- Source citation: Work cat.: (AE-AdECS)294962: مجدال، جول س. مؤلف. 29488, مجتمعات قوية ودول ضعيفة :
